[Event "Oberliga Ost-A 0809"]
[Site "Germany"]
[Date "2009.03.28"]
[Round "10.8"]
[White "Schaefer, Reyk"]
[Black "Buerkner, Georg"]
[Result "1/2-1/2"]
[WhiteElo "2164"]
[BlackElo "1929"]
[PlyCount "118"]
[EventDate "2008.10.12"]
[EventType "team-tourn"]
[EventRounds "11"]
[EventCountry "GER"]
[SourceTitle "EXT 2010"]
[Source "ChessBase"]
[SourceDate "2010.11.25"]
[SourceVersion "1"]
[SourceVersionDate "2010.11.25"]
[SourceQuality "1"]
[WhiteTeam "Loeberitz"]
[BlackTeam "Sangerhausen"]
[WhiteTeamCountry "GER"]
[BlackTeamCountry "GER"]

1. d4 d5 2. Nf3 Nf6 3. c4 c6 4. Nc3 e6 5. g3 Be7 6. Bg2 0-0 7. 0-0 dxc4 8. Ne5 Nbd7 9. Nxc4 Nb6 10. Ne5 Nbd5 11. e4 Nxc3 12. bxc3 Bd7 13. Rb1 Qc7 14. Bf4 Bd6 15. Nxd7 Nxd7 16. Bxd6 Qxd6 17. Rxb7 Nb6 18. e5 Qa3 19. Qb3 Qa5 20. c4 Rad8 21. c5 Nd5 22. Rb1 Nc3 23. Qb4 Ne2+ 24. Kh1 Qxa2 25. Bxc6 Nxd4 26. Rb2 Qa1+ 27. Rb1 Qa2 28. Bg2 Qxf2 29. Rb8 Nc2 30. Qb2 Rxb8 31. Qxb8 Qxc5 32. Qd6 Qa5 33. Bc6 Rd8 34. Rb8 Qe1+ 35. Kg2 Qe2+ 36. Kh3 Qf1+ 37. Kh4 Qc4+ 38. g4 g5+ 39. Kxg5 Rxb8 40. Qxb8+ Kg7 41. Qd8 h6+ 42. Kh5 Qxc6 43. Qf6+ Kf8 44. Kxh6 Ne3 45. Qg7+ Ke8 46. Qg8+ Kd7 47. Qxf7+ Kc8 48. Qf8+ Kb7 49. Qe7+ Kb8 50. Qb4+ Qb6 51. Qf8+ Kb7 52. Qe7+ Ka6 53. Qa3+ Kb5 54. Qb3+ Ka6 55. Qa3+ Kb7 56. Qe7+ Qc7 57. Qb4+ Ka8 58. Qe4+ Nd5 59. g5 Kb8 1/2-1/2

[Event "Oberliga Ost-A 0809"]
[Site "Germany"]
[Date "2009.03.15"]
[Round "9.8"]
[White "Buerkner, Georg"]
[Black "Merker, Matthias"]
[Result "1/2-1/2"]
[WhiteElo "1929"]
[BlackElo "2112"]
[PlyCount "70"]
[EventDate "2008.10.12"]
[EventType "team-tourn"]
[EventRounds "11"]
[EventCountry "GER"]
[SourceTitle "EXT 2010"]
[Source "ChessBase"]
[SourceDate "2010.11.25"]
[SourceVersion "1"]
[SourceVersionDate "2010.11.25"]
[SourceQuality "1"]
[WhiteTeam "Sangerhausen"]
[BlackTeam "Coswig"]
[WhiteTeamCountry "GER"]
[BlackTeamCountry "GER"]

1. e4 d5 2. exd5 Nf6 3. Nc3 Nxd5 4. Nxd5 Qxd5 5. d4 e5 6. Be3 exd4 7. Qxd4 Qxd4 8. Bxd4 Nc6 9. Bb5 Bd7 10. 0-0-0 0-0-0 11. Bc3 f6 12. Ne2 Bc5 13. f3 Rhe8 14. Ng3 Nd4 15. Bxd4 Bxd4 16. Bxd7+ Rxd7 17. Nf5 Red8 18. Nxd4 Rxd4 19. Rxd4 Rxd4 20. Rd1 Rxd1+ 21. Kxd1 Kd7 22. Kd2 Ke6 23. Ke3 Kf5 24. b4 h5 25. c4 g5 26. a4 h4 27. a5 Ke5 28. g3 c6 29. f4+ Kf5 30. gxh4 gxh4 31. h3 Ke6 32. Ke4 f5+ 33. Kd4 b6 34. a6 Kd6 35. b5 c5+ 1/2-1/2

[Event "Oberliga Ost-A 0809"]
[Site "Germany"]
[Date "2009.02.01"]
[Round "7.8"]
[White "Buerkner, Georg"]
[Black "Brueggemann, Florian"]
[Result "1/2-1/2"]
[WhiteElo "1929"]
[BlackElo "2013"]
[PlyCount "83"]
[EventDate "2008.10.12"]
[EventType "team-tourn"]
[EventRounds "11"]
[EventCountry "GER"]
[SourceTitle "EXT 2010"]
[Source "ChessBase"]
[SourceDate "2010.11.25"]
[SourceVersion "1"]
[SourceVersionDate "2010.11.25"]
[SourceQuality "1"]
[WhiteTeam "Sangerhausen"]
[BlackTeam "Magdeburg Aufbau Elbe"]
[WhiteTeamCountry "GER"]
[BlackTeamCountry "GER"]

1. e4 c5 2. c3 d5 3. exd5 Qxd5 4. d4 cxd4 5. cxd4 Nc6 6. Nf3 Bg4 7. Be2 e6 8. 0-0 Nf6 9. Nc3 Qa5 10. Be3 Be7 11. a3 a6 12. b4 Qc7 13. b5 axb5 14. Nxb5 Qd7 15. h3 Bf5 16. Ne5 Nxe5 17. dxe5 Nd5 18. Qb3 0-0 19. Rfd1 Rac8 20. Bc4 Bc2 21. Qxc2 Qxb5 22. Qxh7+ Kxh7 23. Bxb5 Nxe3 24. fxe3 Bc5 25. Kf2 Rfd8 26. a4 b6 27. Kf3 Kg8 28. g4 g5 29. Rac1 Rxd1 30. Rxd1 Rc7 31. Rc1 Kg7 32. Kg3 Rc8 33. Kf3 Rh8 34. Bf1 Ra8 35. Ra1 Rd8 36. Rc1 Ra8 37. Rc4 Ra7 38. Ke2 Ra5 39. Kd3 Bf8 40. Ke4 Bc5 41. Bd3 Ra8 42. Bf1 1/2-1/2